Central Library OPAC University of Rajshahi

Uncertainty, in nature and communication (Record no. 8498)

MARC details
000 -LEADER
fixed length control field 00789nam a22002771a 4500
001 - CONTROL NUMBER
control field 8498
003 - CONTROL NUMBER IDENTIFIER
rucl marc code BD-RjUL
005 - DATE AND TIME OF LATEST TRANSACTION
control field 20211208234611.0
008 - FIXED-LENGTH DATA ELEMENTS--GENERAL INFORMATION
fixed length control field 140118s1968 enkaf 000 0 eng
020 ## - INTERNATIONAL STANDARD BOOK NUMBER
International Standard Book Number 090869907
035 ## - SYSTEM CONTROL NUMBER
System control number (BD-RjUL)8543
040 ## - CATALOGING SOURCE
Original cataloging agency LC
Language of cataloging eng
Transcribing agency LC
Modifying agency BD-RjUL
041 ## - LANGUAGE CODE
Language code of text/sound track or separate title eng
082 04 - DEWEY DECIMAL CLASSIFICATION NUMBER
Classification number 001.5393
Author mark and year RAU 1968
100 1# - MAIN ENTRY--PERSONAL NAME
Personal name Rantzen, Henry Barnato.
9 (RLIN) 26469
245 10 - TITLE STATEMENT
Title Uncertainty, in nature and communication
Statement of responsibility, etc. by H. B. Rantzen.
260 ## - PUBLICATION, DISTRIBUTION, ETC. (IMPRINT)
Place of publication, distribution, etc. London :
Name of publisher, distributor, etc. Hutchinson,
Date of publication, distribution, etc. 1968.
300 ## - PHYSICAL DESCRIPTION
Pagination 151 p. ;
Illustrations 2 plates, illus.
Size 22 cm.
504 ## - BIBLIOGRAPHY, ETC. NOTE
Bibliography, etc Includes index.
650 #0 - SUBJECT ADDED ENTRY--TOPICAL TERM
Topical term or geographic name as entry element Radio waves.
9 (RLIN) 26470
Topical term or geographic name as entry element Uncertainty (Information theory)
9 (RLIN) 26471
Topical term or geographic name as entry element Perturbation.
9 (RLIN) 26472
942 ## - ADDED ENTRY ELEMENTS (KOHA)
Source of classification or shelving scheme Dewey Decimal Classification
Koha item type Books
Holdings
Lost status Source of classification or shelving scheme Damaged status Not for loan Collection code Permanent Location Current Location Shelving location Date acquired Source of acquisition Cost, normal purchase price Total Checkouts Full call number Date last seen Copy number Koha item type
  Dewey Decimal Classification   Not For Loan Non-fiction Central Library, University of Rajshahi Central Library, University of Rajshahi   18/12/1973 Ilitali Pokasani. 72.50   001.5393 RAU 1968 18/01/2014 C-1 Books